000 00515nam a2200181Ia 4500
008 240729s9999 xx 000 0 und d
022 _a2571-6980
245 0 _aNeuroglia
260 _aSwitzerland
260 _bMDPI AG
650 _a Internal medicine
650 _a Neurology. Diseases of the nervous system
650 _a Neurosciences. Biological psychiatry. Neuropsychiatry
650 _aMedicine
856 _uhttps://doaj.org/toc/f114cbb9f2d04f1c9d7fc0a629522d76
942 _2ddc
942 _cDOAJEJ
999 _c68465
_d68465
945 _a1
_bMadushi Gamage
_c1
_dMadushi Gamage